日本のビル高さランキング - Statistics

General Stats
  • This quiz has been taken 405 times
  • The average score is 3 of 10
Answer Stats
都道府県 高さ 順位 答え % Correct
大阪府 300m 1位 あべのハルカス
100%
神奈川県 296m 2位 横浜ランドマークタワー
78%
東京都 255.5m 5位 虎ノ門ヒルズ 森タワー
27%
大阪府 256.1m 3位 SiSりんくうタワー
16%
愛知県 245.1m 8位 JRセントラルタワーズオフィスタワー
14%
大阪府 256m 4位 大阪府咲洲庁舎
13%
愛知県 247m 7位 ミッドランド スクエア
13%
東京都 240m 10位 東京ミッドタウン八重洲
8%
東京都 248.1m 6位 ミッドタウン・タワー
5%
東京都 243.4m 9位 東京都庁第一本庁舎
5%
No matching quizzes found
Score Distribution
Percent of People with Each Score
Percentile by Number Answered
Your Score History
You have not taken this quiz